Načítá se...

Business Communication: Connecting in a Digital World

Podrobná bibliografie
Hlavní autor: Marie Lesikar
Médium: Printed Book
Vydáno: New Delhi McGraw Hill 2015
Vydání:3rd Ed.
LEADER 00439nam a22001337a 4500
020 |a 9789351342960 
082 |a 651.8  |b LES.B 
100 |a Marie Lesikar 
245 |a Business Communication: Connecting in a Digital World 
250 |a 3rd Ed. 
260 |a New Delhi  |b McGraw Hill  |c 2015 
942 |c BK 
999 |c 8029  |d 8029 
952 |0 0  |1 0  |4 0  |6 651_800000000000000_LES_B  |7 0  |9 9918  |a CAMPUS  |b CAMPUS  |d 2016-05-28  |l 0  |o 651.8 LES.B  |p 22648  |r 2016-05-28  |w 2016-05-28  |y BK